000
00315 a2200145 4500
001
167060
020
_a
040
_c
Magnum
100
_a
Frawley, William
240
1
0
_a
Vygotsky e a ciencia cognitiva
_l
por
245
1
0
_a
Vygotsky e a ciencia cognitiva
362
0
_a
1899
697
_a
PEDAGOGIA
942
_c
BK
999
_c
167060
_d
167060